เปลี่ยนเป็นภาษาไทย

Change to English
 แสดงรายละเอียดบรรณานุกรม
  กลับหน้าหลัก

Brief Record : Get Marc (ISO 2709) : E-mail record : QR code < ปิดหน้าต่าง
mysqli: Table './ulib62015/stat_globaluid' is marked as crashed and should be repaired
select id from stat_globaluid where statuid='20260517125501_806' 
mysqli: Table './ulib62015/stat_globaluid' is marked as crashed and should be repaired
DELETE FROM stat_globaluid
			WHERE id NOT IN (
			  SELECT id
			  FROM (
				SELECT id
				FROM stat_globaluid
				ORDER BY id DESC
				LIMIT 100
			  ) foo
			); 
mysqli: Table './ulib62015/stat_globaluid' is marked as crashed and should be repaired
insert into stat_globaluid set
		statuid='20260517125501_806',
		dt='1778997301',
		phpself='/ULIB62015/dublinfull.php',
		agent='Mozilla/5.0 AppleWebKit/537.36 (KHTML, like Gecko; compatible; ClaudeBot/1.0; +claudebot@anthropic.com)',
		yea='2026',
		mon='5',
		dat='17',
		ip='216.73.216.45'
		
		
mysqli: Table './ulib62015/stathist_viewbib_bib_type' is marked as crashed and should be repaired
insert into stathist_viewbib_bib_type set 
		dat='17' ,
		 mon='05' ,
		  yea='2026' ,
			 statuid='20260517125501_806' ,
			 head='13399120133' ,
			 foot='marc' ,
			 dt='1778997301' 
		
LEADER : 00000nam 2200000uu 4500
001    13399120133
003     ULIB
008    121024s||||||||th 000 0 tha d
020    ^a9741402368
050  4 ^aPJ7826.I2^bย287 2545
100 0  ^aยิบราน, คาลิล
245 10 ^aปรัชญาชีวิต /^cนิพนธ์โดย คาลิล ยิบราน ; ถอดความโดย ระวี ภาวิไล
250    ^aพิมพ์ครั้งที่ 14
260    ^aกรุงเทพฯ :^bผีเสื้อ,^c2545
300    ^a136 หน้า :^bภาพประกอบ
600 17 ^aยิบราล, คาลิล,^dค.ศ. 1883-1931
650  7 ^aวรรณกรรมอิหร่าน
700 0  ^aระวี ภาวิไล,^eผู้แปล
945    ^p197^l0^i018380
945    ^p0^l0^i018381
999     ^aยมมะณา จันทร์ฉิม
รายการนี้ยังไม่มีแท็ก
คุณยังไม่ได้ล็อกอิน คุณสามารถมีกิจกรรมร่วมกับเว็บไซต์ได้ แต่ต้องล็อกอินก่อน ::
  ล็อกอิน
  One Stop Service : ศูนย์ให้บริการแบบเบ็ดเสร็จ   จัดการหนังสือโปรด   แจ้งรายการบรรณานุกรมผิดพลาด
ลำดับที่ ประเภท เลขเรียก/บาร์โค้ด สถานที่ สถานะ
1. หนังสือ
หนังสือ
PJ7826.I2 ย287 2545 ฉ.1 
  Barcode: 018380
หนังสือทั่วไป บนชั้น
  ขอยืม
2. หนังสือ
หนังสือ
PJ7826.I2 ย287 2545 ฉ.2 
  Barcode: 018381
หนังสือทั่วไป บนชั้น
  ขอยืม

BibComment


ยังไม่เคยถูกคอมเมนท์

คอมเมนท์ทรัพยากรรายการนี้
  คอมเมนท์: ปรัชญาชีวิต นิพ..
Bib 13399120133

 
 
 

 Union Library Management : ULibM
Copyright 2026. All Rights Reserved.